000 00700cpcaa2200217 4500
001 mm 79001232
003 DLC
005 20260227111635.0
008 790503|||||||||||| eng
010 _amm 79001232
040 _aDLC
_cDLC
_edacs
_dDLC
072 7 _aC
_2lcmd
100 1 _aDownes, John Lucy.
245 0 0 _aPower of attorney of John Lucy Downes,
_f1773.
300 _a1
_fitem.
506 0 _aOpen to research.
546 _aCollection material in English.
580 _aForms part of: Miscellaneous Manuscripts collection.
999 _c40672
_d40672